Name that fruit quiz - Statistics

General Stats
  • This quiz has been taken 120 times
  • The average score is 9 of 10
Answer Stats
Picture Answer % Correct
orange
97%
strawberry
96%
watermelon
95%
peach
93%
lime
92%
pineapple
92%
raspberry
89%
pear
87%
pomegranate
86%
dragonfruit
83%
No matching quizzes found
Score Distribution
Percent of People with Each Score
Percentile by Number Answered
Your Score History
You have not taken this quiz